000 00352pab a2200145 454500
008 180718b1997 xxu||||| |||| 00| 0 eng d
100 _aBansil, P.C.
245 _aOilseeds scenario: some issues
260 _c1997
300 _ap.A191-200
362 _a27 Dec
650 _aVegetable oil
773 _aEconomic and Political Weekly
909 _a36135
999 _c36135
_d36135